000 00237nam a22000857a 4500
008 160706b xxu||||| |||| 00| 0 eng d
100 _92359
_a Nandlal Dayaram
245 _aIteract in English Main Course Book
260 _aDelhi
_bNandlal Dayaram
999 _c2036
_d2036